Регионална библиотека "Любен Каравелов" - Русе

Етюди за кларинет (Запис номер 349856)

MARC детайли
000 -Лидер
Контролно поле с фиксирана дължина ncm a22 a 4500
003 - Код на организацията, давaща контролен номер
Контролно поле BLK
005 - Дата и час на последна редакция
Контролно поле 20210615104529.0
008 - Елементи от данни с фиксирана дължина
fixed length control field 200325b bu ||||| |||| 00| 0 bu d
040 ## - Източник на каталожния запис
Идентификатор на билиотеката - собственик на записа BLK
041 ## - Код за език
Код за езика на текст/звукозапис или на отделно заглавие Български
Код за езика КДБФ Български
080 ## - УДК
Текстов определител УДК Кларинет. Етюди, гами, учебна литература
УДК код - определител по УДК 788.6.087.5
УДК - код + определител 788.6.087.5
100 ## - Редна дума - Автор
Автор Димитров, Сава
Авторска отговорност първи автор
R(LIN) 1299
139 ## - Редно поле
Редна дума Димитров, Сава
Авторски знак Дими - Д 58
245 ## - Сведения за заглавието
Заглавие Етюди за кларинет
Редно поле (дума) Сава Димитров
Подзаглавни данни Тетрадка І - VІІІ
Том Тетрадка ІV
250 ## - Област на изданието
Сведения за изданието 2 изд.
257 ## - Страна на издаване
Страна на създаване/издаване България
260 ## - Област на издателските данни
9 (RLIN) 209548
Място на издаване, разпространение и проч. София
Име на издателя, разпространителя и проч. Наука и изкуство
Година на издаване 1956-1970
300 ## - Физическа характеристика
Размери/Мащаб 32 см
380 ## - Жанр
Жанр Изкуство
650 #0 - Допълнително описание по предмет – тема
9 (RLIN) 353811
Основно описание – тема или топоним Кларинет - етюди, гами
653 #7 - Ключова дума – ненормативна
9 (RLIN) 188643
Ключова дума кларинети
653 #7 - Ключова дума – ненормативна
9 (RLIN) 186510
Ключова дума етюди
760 ## - Описание на основната серия
Страници - том 39 с.
Част - том IV тетрадка
852 ## - Местоположение
Форматна сигнатура Цб М II 3452
Систематично-азбучна сигнатура 788/Д 53 С
999 ## - СИСТЕМНИ КОНТРОЛНИ НОМЕРА
Koha biblionumber 349856
Koha biblioitemnumber 349856
942 ## - АРТИКУЛИ
Вид на библиотечния материал Нотни издания
Скрит в OPAC Не
Периодичен библиозапис Да
944 ## - СЪЗДАВАНЕ И РЕДАКЦИЯ на ЗАПИСА
Дата на регистрацията/редакция 2020-03-30
Служител, извършил регистрацията/редакцията Валентина Караджова
999 ## - СИСТЕМНИ КОНТРОЛНИ НОМЕРА
Koha biblioitemnumber 349856
Наличности
Код за отписване Код за изгубен артикул Източник на класификационната схема Код за повреда Коз за рестрикции Код за отдаване Артикулен № Име на библиотеката - собственик Име на библиотеката, в която се намира в момента Статус (Текущо местоположение) Дата на вписване в системата Местоположение - отдел Цена в лева Инвентарен номер Систематично азбучна сигнатура Баркод Цена в евро Служебен тип на артикула
  Не е изгубен Universal Decimal Classification Не е повреден без рестрикции заемане за дома 757425 Регионална библиотека "Любен Каравелов" Русе Регионална библиотека "Любен Каравелов" Русе Отдел Изкуство - подръчен фонд 2020-04-01 Отдел Изкуство - подръчен фонд 0.50 68762 788/Д 55 С 120000068762 0.26 Нотни издания
  Не е изгубен Universal Decimal Classification Не е повреден без рестрикции заемане за дома 757426 Регионална библиотека "Любен Каравелов" Русе Регионална библиотека "Любен Каравелов" Русе Отдел Изкуство - подръчен фонд 2020-04-01 Отдел Изкуство - подръчен фонд 0.50 68763 788/Д 55 С 120000068763 0.26 Нотни издания
  Не е изгубен Universal Decimal Classification Не е повреден само за читалня ползва се в читалня 775800 Регионална библиотека "Любен Каравелов" Русе Регионална библиотека "Любен Каравелов" Русе Хранилище 2020-06-11 Хранилище 0.50 67525 Цб М ІІ 3452 900000007047 0.26 Нотни издания
Vip Innovations Ltd, Rousse, Bulgaria 2025